| 000 | 00690nam a2200217Ia 4500 | ||
|---|---|---|---|
| 003 | GCL | ||
| 008 | 140319s9999 xx 000 0 ara d | ||
| 040 |
_aGCL / _cGCL |
||
| 082 | 0 | 4 |
_a258.54 _bا ع |
| 100 | 1 | _aابراهيم ابراهيم هلال | |
| 245 | 1 | 0 |
_aالعقليات القرانية وفكر ابن تيمية / _cابراهيم ابراهيم هلال |
| 260 |
_a[S.N] : _bمكتبة النهضة المصرية ، _c1987 |
||
| 300 | _a44 ص | ||
| 490 | _a | ||
| 650 | 0 | 4 | _aالاسلام |
| 650 | 0 | 4 | _aالفقه الاسلامى |
| 650 | 0 | 4 | _aالديانات |
| 650 | 0 | 4 | _aالمذاهب الفقهية |
| 650 | 0 | 4 | _aفقه ابن تيمية |
| 942 |
_2ddc _cBK |
||
| 999 |
_c29266 _d29266 |
||